Ikoniczne/pamiętne składy LoL'a, w których grali Polacy - Statystyki

Ogólne statystyki
  • Ten quiz został rozwiązany 470 razy
    469 od ostatniego zresetowania
  • Średni wynik to 45 z 100
Statystyki odpowiedzi
Hint Odpowiedź % Poprawnych
JG Jankos
81%
SUPP Vander
76%
MID Xayoo
76%
JG Rybson
75%
MID Overpow
73%
JG Jankos
71%
[Team ROCK (ESL Euro Series 2014 Spring)] TOP ArQuel
70%
JG Rybson
69%
JG Cinkrof
68%
SUPP minemaciek
68%
ADC Puki Style
68%
ADC zamulek
68%
SUPP Vander
67%
[Kiedyś Miałem Fun] TOP frajgo
66%
SUPP Jactroll
64%
JG Kikis
64%
JG Inspired
63%
ADC Woolite
63%
JG Xayoo
63%
JG Gucio
62%
[MeetYourMakers (IEM Season 7 Singapore)] TOP Kubon
62%
ADC Woolite
62%
SUPP Vander
61%
MID Larssen
60%
ADC Celaver
59%
[Internaziomale (Ultraliga 2nd Division Season 5 Playoffs)] TOP Kubon
59%
["Polskie" Team BDS (LEC SUMMER 2022r.)] TOP Agresivo
57%
SUPP delord
57%
[H2K z Polakami (Worlds 2016r.)] TOP Odoamne
57%
MID Overpow
57%
ADC FORG1VEN
56%
MID Ryu
56%
MID Czekolad
55%
SUPP Trymbi
55%
JG Tabasko
54%
JG Shlatan
53%
ADC Woolite
53%
[Kiedyś Miałem Team (EU LCS 2014 Spring Promotion)] TOP Xaxus
53%
SUPP Erdote
52%
[Kick (finał EU Masters 2020r.)] TOP iBo
52%
JG Shlatan
52%
[Rogue EC (skład, który wszedł do LECA /Ultraliga Season 1)] TOP Finn
51%
ADC Woolite
51%
SUPP delord
50%
MID Jiizuke
50%
[Reason Gaming (EU LCS 2015 Summer Promotion)] TOP Kubon
49%
JG Rybson
49%
JG Tabasko
49%
MID Matislaw
48%
SUPP Vander
48%
[IHG (2016r. EU Challenger Series: Wiosna kwalifikacje)] TOP Kubon
47%
ADC Nzq
47%
[AGO Rogue (wygrane EU Masters)] TOP Szygenda
47%
JG Zanzarah
47%
MID Czajek
46%
[Team Kinguin 2017 ESL Mistrzostwa Polski Spring] TOP IceBeasto
45%
SUPP Raxxo
45%
[Team Vitality z Polakami (Worlds 2018r.)] TOP Cabochard
43%
JG Nervarien
43%
MID NUCLEARINT
43%
MID Takefun
43%
ADC Attila
42%
ADC defles
41%
SUPP Trymbi
39%
ADC xMatty
39%
[PRIDE (Ultraliga SEZON 1)] TOP Konektiv
37%
ADC defles
36%
ADC HARPOON
34%
[LEC Allstars w tym Polacy (All-Star Las Vegas 2019r. mecz team EU vs team NA)] TOP Jankos
33%
SUPP Maquk
33%
MID Sebekx
32%
MID Lewus
31%
SUPP Libik
31%
ADC Celaver
30%
MID Czaru
28%
SUPP Libik
27%
SUPP marlon
27%
MID niQ760
27%
ADC Creaton
26%
JG Mokatte
26%
SUPP Mystiq
26%
MID Rektiv
26%
ADC Makler
24%
ADC Lucker
22%
["Polskie" Misfits Premier (2022r.)] TOP Kackos
21%
JG Rybson
20%
JG xeonerr
20%
MID Mrozku
19%
JG vvarion
19%
MID Fresskowy
18%
SUPP Caps
17%
[Team ESCA Gaming (drugie miejsce Ultraliga 2022r.)] TOP HeSSZero
16%
SUPP Pyrka
16%
[Akademia (Ultraliga playoffy SEZON 0)] TOP Color
15%
ADC Bwipo
14%
MID NoWay
14%
MID urbizord
13%
SUPP Kaseko
11%
[TEAM OPTIONS (Ultraliga Season 4 Promotion)] TOP KFCgenerous
7%
ADC Primacy
5%
Nie znaleziono quizów pasujących do podanych kryteriów
Rozkład punktacji
Procent ludzi z każdym wynikiem
Percentyl według liczby udzielonych odpowiedzi
Twoja historia wyników
Nie rozwiązałeś tego quizu od ostatniego zresetowania